| 000 | 01924nam a2200361 a 4500 | ||
|---|---|---|---|
| 003 | EG-GiCUC | ||
| 005 | 20250223025922.0 | ||
| 008 | 090907s2009 ua dh f m 000 0 eng d | ||
| 040 |
_aEG-GiCUC _beng _cEG-GiCUC |
||
| 041 | 0 | _aeng | |
| 049 | _aDeposite | ||
| 097 | _aM.Sc | ||
| 099 | _aCai01.12.05.M.Sc.2009.Mo.I | ||
| 100 | 0 | _aMohamed Gamal Salah Farahat | |
| 245 | 1 | 0 |
_aInduction of systemic resistance against tomato diseases by plant growth-promoting rhizobacteria / _cMohamed Gamal Salah Farahat ; Supervised Zienat Kamel Mohamed , Mohamed Ezz Eldeen Dawoud , Hanaa Elbadawy Ahmed |
| 246 | 1 | 5 | _aاستحثاث المقاومة الجهازية ضد امراض الطماطم بواسطة البكتريا الجذر محيطية المنشطة للنمو |
| 260 |
_aCairo : _bMohamed Gamal Salah Farahat , _c2009 |
||
| 300 |
_a132 Leaves : _bcharts , facsimiles ; _c30cm |
||
| 502 | _aThesis (M.Sc.) - Cairo University - Faculty of Science - Department of Botany-Microbiology | ||
| 520 | _aThirty five endophytic fluorescent bacterial isolates have been isolated and purified from root tissues of healthy tomato plants and screened for their efficiency in inhibiting growth of the tomato pathogens in vitro. Isolates that showed the maximum apparent effect against phytopathogenic fungi were selected and identified as Pseudomonas putida and P. flurescens and their ability to suppress the growth of the phytopathogenic fungus A. solani has been tested in vitro | ||
| 530 | _aIssued also as CD | ||
| 653 | 4 | _aBiological control | |
| 653 | 4 | _aRhizobacteria | |
| 653 | 4 | _aSystemic resistance | |
| 700 | 0 |
_aHanaa Elbadawy Ahmed , _eSupervisor |
|
| 700 | 0 |
_aMohamed Ezz Eldeen Dawoud , _eSupervisor |
|
| 700 | 0 |
_aZienat Kamel Mohamed , _eSupervisor |
|
| 856 | _uhttp://172.23.153.220/th.pdf | ||
| 902 | _a1 | ||
| 905 |
_aFatma _eCataloger |
||
| 905 |
_aNazla _eRevisor |
||
| 942 |
_2ddc _cTH |
||
| 999 |
_c23541 _d23541 |
||